| 000 | 005280000a22002170004500 | ||
|---|---|---|---|
| 003 | LK-CoMWRAF | ||
| 005 | 20231013130146.0 | ||
| 008 | 230817t ||||| |||| 00| 0 eng d | ||
| 020 | _a0140445587 | ||
| 040 |
_aLK-CoMWRAF _dLK-CoMWRAF _eLK-CoMWRAF |
||
| 041 | _aeng | ||
| 082 |
_a297.122 _bKOR |
||
| 245 | _aThe Koran | ||
| 250 | _a4th Edition | ||
| 260 |
_aEngland : _bPenguin books, _c1999 |
||
| 300 | _a456p | ||
| 650 | _aKoran stories-English | ||
| 650 | _aIslam Koran | ||
| 700 |
_aDawood, N.J _etrans. |
||
| 942 | _cBK | ||
| 999 |
_c442 _d442 |
||